000 00694nam a2200289Ia 4500
001 Z_4953
003 CHAP
008 220113s1997 xx 000 0 und d
010 _a168008
040 _cCHAP
082 _a636.30824 G6
100 _aGordon, Ian
_950018
245 _aControlled reproduction in sheep and goats /
_cpor Ian Gordon
260 _aOxon :
_bC.A.B.,
_c1997
300 _a450 p. ; ilus.
440 _a
500 _aFotocopía
503 _a
650 _aGanado lanar
_xProducción I. t.
_9138059
650 _aGanado lanar
_xReproducción
_945220
901 _a636.30824 G6
902 _aA
910 _a1997
942 _c1
942 _cc1
999 _c168008
_d168008